Statistics for Largest Cities by Languages

Click here to take the quiz!

General Stats

  • This quiz has been taken 118 times
  • The average score is 10 of 20

Answer Stats

LanguageCity% Correct
HindiDelhi
96%
BengaliDhaka
92%
Yue (Cantonese)Guangzhou
72%
SwahiliNairobi
69%
WuShanghai
67%
PashtoKabul
63%
TamilChennai
60%
PunjabiLahore
57%
YorubaLagos
56%
GujaratiAhmedabad
55%
MarathiMumbai
53%
KannadaBengaluru
43%
HausaKano
40%
TeluguHyderabad
37%
SindhiKarachi
36%
SundaneseJakarta
33%
MalayalamKochi
14%
Xiang (Hunanese)Changsha
13%
Jin (Shanxiese)Taiyuan
10%
Southern Min (Hokkien)Quanzhou
8%

Score Distribution

Percentile by Number Answered

Percent of People with Each Score

Your Score History

You have not taken this quiz